LEADER 01390nas 2200385-a 450 001 9910890927503321 005 20260218112417.0 035 $a(CKB)2320000000014542 035 $a(CONSER)--2001204327 035 $a(DE-599)2150216-X 035 $a(EXLCZ)992320000000014542 100 $a20781012a19779999 -a- - 101 0 $ager 200 10$aFachserie 7--Aussenhandel$hReihe 1$iZusammenfassende Übersichten für den Aussenhandel /$fStatistisches Bundesamt, Wiesbaden 210 $aStuttgart $cW. Kohlhammer$d1977- 215 $a1 online resource 300 $aPublished by: Metzler-Poeschel, <1995-2000> 311 08$aPrint version: Fachserie 7--Aussenhandel. 0170-2734 (DLC)--2001204327 (OCoLC)4289114 517 3 $aAussenhandel. 517 3 $aZusammenfassende Übersichten für den Aussenhandel 606 $aFOREIGN TRADE$2unbist 606 $aTRADE STATISTICS$2unbist 606 $aGERMANY$2unbist 607 $aGermany$xCommerce$vStatistics$vPeriodicals 607 $aGermany (West)$xCommerce$vStatistics$vPeriodicals 615 07$aFOREIGN TRADE. 615 07$aTRADE STATISTICS. 615 07$aGERMANY. 712 02$aGermany (West).$bStatistisches Bundesamt. 712 02$aGermany.$bStatistisches Bundesamt. 906 $aJOURNAL 912 $a9910890927503321 920 $aexl_impl conversion 996 $aFachserie 7--Aussenhandel$94211820 997 $aUNINA